Biblioteca

From the depths of despair to the promise of presence : (Registro nro. 67613)

Detalles MARC
000 -LÍDER
Campo fijo de descripción fija 02417nam a2200349 i 4500
001 - NÚMERO DE CONTROL
Campo de control 768714001
003 - IDENTIFICADOR DEL NÚMERO DE CONTROL
Campo de control CO-MdFUSB
005 - FECHA Y HORA DE LA ULTIMA TRANSACCIÓN
control field 20220630145931.0
007 - CAMPO FIJO DE DESCRIPCIÓN FIJA--INFORMACIÓN GENERAL
Campo fijo de descripción fija ta
008 - ELEMENTOS DE LONGITUD FIJA -- INFORMACIÓN GENERAL
Campo fijo de descripción fija -- Información general 131029t2014 inu ob 001 0 eng d
020 ## - NÚMERO INTERNACIONAL NORMALIZADO PARA LIBROS
Cancelado / ISBN no válido 1575062879
040 ## - FUENTE DE CATALOGACIÓN
Agencia de catalogación original MiAaPQ
Idioma de catalogación eng
Agencia que realiza la transcripción CO-MdFUSB
Agencia que realiza la modificación MiAaPQ
Convenciones de la descripción rda
-- pn
041 ## - CÓDIGO DE IDIOMA
Código de idioma para texto/pista de sonido o título separado eng
082 ## - NÚMERO DE CLASIFICACIÓN DECIMAL DEWEY
Número de la edición del Dewey 23
Número de clasificación 224.706
Clave de autor-Numero de item B255
100 1# - ASIENTO PRINCIPAL--NOMBRE PERSONAL
Nombre personal Barker, Joel,
Fechas asociadas con el nombre 1979-
Término relacionador autor
245 10 - TÍTULO
Título del Material From the depths of despair to the promise of presence :
Parte restante del título - Subtitulo a rhetorical reading of the book of Joel /
Mención de responsabilidad, etc. Joel Barker.
264 #1 - PRODUCCIÓN, PUBLICACIÓN, DISTRIBUCIÓN, MANUFACTURA, Y COPYRIGHT
Lugar de producción, publicación, distribución, manufactura Winona Lake, Indiana :
Nombre del productor, publicador, distribuidor Eisenbrauns,
Fecha de producción, publicación, distribución, manufactura, o copyright [2014]
264 #4 - PRODUCCIÓN, PUBLICACIÓN, DISTRIBUCIÓN, MANUFACTURA, Y COPYRIGHT
Fecha de producción, publicación, distribución, manufactura, o copyright © 2014
300 ## - DESCRIPCIÓN FÍSICA
Extensión 298 páginas
Dimensiones ; 24 cm
336 ## - TIPO DE CONTENIDO
Término de tipo de contenido texto
Fuente rdacontent.
Código de tipo de contenido txt
337 ## - TIPO DE MEDIO
Nombre del tipo de medio sin mediación
Fuente rdamedia.
Código del tipo de medio n
338 ## - TIPO DE SOPORTE
Nombre del tipo de soporte volumen
Fuente rdacarrier.
Código Tipo de soporte nc
490 1# - MENCIÓN DE SERIE
Mención de serie Siphrut : literature and theology of the Hebrew Scriptures ;
504 ## - NOTA DE BIBLIOGRAFÍA, ETC.
Nota de bibliografía, etc Incluye referencias bibliográficas e índice.
505 ## - NOTA DE CONTENIDO
Nota de contenido con formato preestablecido Introducción -- El Proceso de Persuasión: Un Modelo Retórico-Crítico para el Estudio de la Literatura Profética -- Anunciando la Crisis: Análisis Retórico de Joel 1:1-14 -- "A Ti, Oh Yhwh, Clamo": Análisis Retórico de Joel 1 :15-20 --Desesperación en el Día Grande y Terrible de Yhwh: Análisis Retórico de Joel 2:1-11 -- Señales de Esperanza: Análisis Retórico de Joel 2:12-17 -- Revirtiendo la Crisis: Análisis Retórico de Joel 2:18-27 -- Derramando el Espíritu de Yhwh: Análisis Retórico de Joel 3:1-5 -- La Promesa de la Presencia de Yhwh Análisis Retórico de Joel 4:1-21 -- Conclusión.
520 ## - NOTA DE RESUMEN, ETC.
Nota de sumario, etc. <br/>Durante décadas, el libro profético de Joel ha sido el centro de un escrutinio que desmiente su brevedad. Captura a los lectores con sus vívidas descripciones de langostas e invasiones militares y la angustia que causan. Luego revela la preocupación de YHWH por la comunidad del pacto al revertir sistemáticamente las crisis que anuncia. El libro de Joel también ofrece una ventana a la función retórica del "día de YHWH", ya que usa la frase para anunciar tanto el juicio como la restauración. Reflejando la creatividad del espíritu profético del Antiguo Testamento, el libro guía a sus lectores de la angustia total a la esperanza de la restauración, arraigada en la presencia de YHWH.
630 07 - TITULO UNIFORME
Título uniforme Biblia.
Nombre de parte o sección de la obra Joel
Subdivisión de materia general Crítica, interpretación, etc
830 #0 - PUNTO DE ACCESO ADICIONAL DE SERIE - TÍTULO UNIFORME
Título uniforme Siphrut ;
Designación de volumen o secuencia 11.
942 ## - TIPO DE MATERIAL (KOHA)
Tipo de Item KOHA Libros General
945 ## - INFORMACIÓN LOCAL DEL REGISTRO
Catalogador JTF-925
Existencias
Estado de Material Estado de Perdido Forma de Clasificación Estado de Dañado No para Préstamo Colección Biblioteca de Origen Biblioteca Permanente Fecha de Adquisición Área Total de Préstamos Signatura Topográfica Código de Barras Última vez visto Ejemplar/Existencia Fecha de Remplazo Tipo de Material
    Dewey Decimal Classification     Colección General Biblioteca FUSBC Biblioteca FUSBC 30/03/2022 BIBLIA   G 224.706 B255f 21798 30/03/2022 Ej.1 30/03/2022 Libros General

Biblioteca FUSBC | Teléfono: (57+4) 349 88 10 Ext. 141| WhatsApp (+57) 3005338115 
E-mail: biblioteca@unisbc.edu.co | Calle 76 87-14 Robledo Palenque, Medellín, Colombia

Con tecnología Koha